| 000 | 01261cam a22003377a 4500 | ||
|---|---|---|---|
| 001 | 674 | ||
| 005 | 20230629104924.0 | ||
| 008 | 070919s2008 nyu 000 0 eng | ||
| 020 | _a9780261670495 | ||
| 040 |
_aDLC _cDLC _beng _dFISKH |
||
| 050 | 0 | 0 | _aPZ7.L58474 |
| 082 | _a823.912 | ||
| 100 | 1 | _aBright, J. E. | |
| 245 | 1 | 0 |
_aPrince Caspian : _bthe fight for the throne / _cJ.E. Bright. |
| 250 | _aThis edition published by Grafton 2002 | ||
| 260 |
_aLondon : _bHarperCollinsPublishers, _c1951. |
||
| 300 |
_a190 pages, 1 unnumbered leaf : _billustrations ; _c20 cm. |
||
| 490 | 0 | _aThe Chronicles of Narnia | |
| 500 | _a"Based on the new movie!"--Cover. | ||
| 500 | _a"Based on the screenplay by Andrew Adamson & Christopher Markus & Stephen McFeely. Based on the book by C. S. Lewis. Directed by Andrew Adamson." | ||
| 505 | _aQ | ||
| 520 | _aFour children help Prince Caspian and his army of Talking Beasts to free Narnia from evil. | ||
| 521 |
_a870
_bLexile |
||
| 521 |
_aQ
_bRaz-Plus |
||
| 700 | 1 | _aAdamson, Andrew. | |
| 700 | 1 | _aMarkus, Christopher. | |
| 700 | 1 | _aMcFeely, Stephen. | |
| 700 | 1 |
_aLewis, C. S. _q(Clive Staples), _d1898-1963. _tPrince Caspian. |
|
| 906 |
_a7 _bcbc _corignew _d4 _eepcn _f20 _gy-gencatlg |
||
| 942 |
_2ddc _cBK _n0 |
||
| 999 |
_c674 _d674 |
||